[Event "Zonal 2.5 2017"]
[Site "Villa Martelli ARG"]
[Date "2017.05.06"]
[Round "7.9"]
[White "Bernal,G"]
[Black "Bitelmajer,M"]
[Result "0-1"]
[WhiteElo "2061"]
[BlackElo "2440"]

1.d4 Nf6 2.c4 e6 3.Nc3 c5 4.d5 exd5 5.cxd5 d6 6.e4 g6 7.Be2 Bg7 8.Nf3 O-O
9.Bf4 a6 10.a4 Bg4 11.Nd2 Bxe2 12.Qxe2 Nh5 13.Be3 Nd7 14.O-O Re8 15.Kh1 Rb8
16.a5 Ne5 17.f4 Qh4 18.Bf2 Qxf4 19.Bxc5 Ng3+ 20.hxg3 Qh6+ 21.Kg1 dxc5 22.Rf4
b5 23.Raf1 c4 24.Nd1 Nd3 25.Rh4 Qg5 26.Kh2 Qxd5 27.Ne3 Qd8 28.Nf5 gxf5 29.Qh5
h6 30.Rxf5 Ne5 31.Nf3 Nxf3+ 32.gxf3 Rb7 33.Rg4 Re6 {#R} 0-1

[Event "Zonal 2.5 2017"]
[Site "Villa Martelli ARG"]
[Date "2017.05.06"]
[Round "7.10"]
[White "Heinechen,Ju"]
[Black "Dolezal,C"]
[Result "1-0"]
[WhiteElo "1988"]
[BlackElo "2401"]

1.e4 c5 2.Nc3 g6 3.f4 Bg7 4.Nf3 Nc6 5.Bb5 Nd4 6.Nxd4 cxd4 7.Ne2 e6 8.O-O Ne7
9.d3 Qb6 10.Ba4 O-O 11.Bb3 d5 12.Ng3 dxe4 13.dxe4 Bd7 14.Kh1 Rac8 15.Bd2 Bb5
16.Rf3 Bc4 17.f5 exf5 18.exf5 Nd5 19.fxg6 hxg6 20.c3 dxc3 21.bxc3 Rfe8 22.Bxc4
Rxc4 23.Rxf7 Qc6 24.Rf3 Nxc3 25.Qb3 Nd5 26.Raf1 Re7 27.Bg5 Ree4 28.Bf4 Re6
29.Bg5 Rc2 30.Rd1 Rc5 31.Rdf1 Qb5 32.Qxb5 Rxb5 33.Rc1 Re8 34.h4 Bb2 35.Rb1 a6
36.Rd3 Nc3 37.Rxb2 Rxb2 38.Rxc3 Re1+ 39.Kh2 Rbb1 40.Rc8+ Kf7 41.Rc7+ Ke6 {#r}
1-0

[Event "Zonal 2.5 2017"]
[Site "Villa Martelli ARG"]
[Date "2017.05.06"]
[Round "7.11"]
[White "Kapitanchuk,Tomas"]
[Black "Pacheco,Dan"]
[Result "1-0"]
[WhiteElo "2095"]
[BlackElo "2279"]

1.e4 e6 2.d4 d5 3.Nd2 Nf6 4.e5 Nfd7 5.Bd3 c5 6.c3 cxd4 7.cxd4 Nc6 8.Ne2 f6
9.exf6 Nxf6 10.Nf3 Bd6 11.O-O O-O 12.Bf4 Nh5 13.Bxd6 Qxd6 14.Ng3 Nf4 15.Bb5
Bd7 16.a3 Rf6 17.Re1 Raf8 18.Bxc6 Bxc6 19.Ne5 Be8 20.f3 h5 21.Qd2 h4 22.Ne2
Ng6 23.Ng4 Rf5 24.h3 Bb5 25.Nc3 Bc4 26.Re3 Nf4 27.Rae1 Rg5 28.Nd1 Rg6 29.Qc2
Qa6 30.Ndf2 Qb6 31.Qd2 a5 32.Nd1 a4 33.Nc3 Qa6 34.Qc2 b5 35.Qd2 Qb6 36.Nd1 Rf5
37.Ndf2 Kh7 38.Re5 Rgg5 39.Rxf5 Rxf5 40.Ne3 Rf8 41.Neg4 Kg8 42.Ne5 Qd8 43.Nfg4
Qg5 44.Qe3 Qf5 45.Qf2 Qg5 46.Qe3 Re8 47.Nd7 Bd3 48.Nc5 Bf5 49.Qe5 Kh7 50.Kh2
Ng6 {#r} 1-0

[Event "Zonal 2.5 2017"]
[Site "Villa Martelli ARG"]
[Date "2017.05.06"]
[Round "7.14"]
[White "Sabas,J"]
[Black "Restuccia,F"]
[Result "0-1"]
[WhiteElo "2229"]
[BlackElo "2118"]

1.d4 Nf6 2.Nf3 c5 3.e3 g6 4.Bd3 Bg7 5.O-O O-O 6.c3 d6 7.Nbd2 Qc7 8.Qe2 e5
9.dxe5 dxe5 10.e4 Nh5 11.Bc4 Nf4 12.Qe3 Be6 13.g3 Bxc4 14.Nxc4 Ne6 15.a4 Nc6
16.Ng5 Nxg5 17.Qxg5 Rad8 18.Ne3 Ne7 19.g4 c4 20.a5 b5 21.Nc2 f5 22.h3 fxe4
23.Qe3 Rd3 24.Qxe4 Nd5 25.Ne1 Nf6 26.Qg2 Rd1 27.Nc2 Rxf1+ 28.Kxf1 Qd6 29.Qf3
Nh5 30.Qe3 Qd1+ 31.Ne1 Nf4 32.a6 Nd3 33.f3 {#R} 0-1

[Event "Zonal 2.5 2017"]
[Site "Villa Martelli ARG"]
[Date "2017.05.06"]
[Round "7.15"]
[White "Coro,Lucas"]
[Black "Abarca Gonzalez,N"]
[Result "0-1"]
[WhiteElo "2238"]
[BlackElo "2426"]

1.e4 e6 2.d4 d5 3.Nc3 Bb4 4.e5 c5 5.a3 Bxc3+ 6.bxc3 Ne7 7.h4 Qc7 8.h5 cxd4
9.cxd4 Qc3+ 10.Bd2 Qxd4 11.Nf3 Qe4+ 12.Be2 Nf5 13.Kf1 b6 14.h6 gxh6 15.Bb5+
Bd7 16.Bd3 Qg4 17.Nh4 Qxd1+ 18.Rxd1 Nd4 19.Bxh6 Bb5 20.Bxb5+ Nxb5 21.Rh3 Nd7
22.a4 Nc7 23.Nf3 Na6 24.Nd4 Rg8 25.c4 dxc4 26.f4 Nb4 27.Nb5 Nd5 28.Bg5 Nxe5
29.Rxd5 exd5 30.Re3 Kd7 31.Rxe5 Kc6 32.Be7 Rae8 {#R} 0-1

[Event "Zonal 2.5 2017"]
[Site "Villa Martelli ARG"]
[Date "2017.05.06"]
[Round "7.16"]
[White "Torres,Federico"]
[Black "Della Morte,G"]
[Result "0-1"]
[WhiteElo "2172"]
[BlackElo "2375"]

1.e4 e5 2.Nf3 Nc6 3.Be2 Nf6 4.d3 d5 5.Nbd2 Bc5 6.c3 a5 7.h3 O-O 8.Qc2 Nh5 9.g3
Nf6 10.g4 Qd6 11.Nf1 Re8 12.Bg5 d4 13.a4 Nd7 14.Ng3 g6 15.Bd1 Nf8 16.Nf5 gxf5
17.gxf5 Ng6 18.Rg1 Kh8 19.Bh6 Rg8 20.Ng5 Nd8 21.Qe2 dxc3 22.Qh5 Qxd3 23.Be2
cxb2 24.Rd1 Qxd1+ 25.Bxd1 b1=Q 26.Rg4 Bxf5 27.exf5 Qxf5 28.Bb3 Qxf2+ 29.Kd1
Ra6 30.Ne4 Qf1+ 31.Kc2 Qe2+ 32.Bd2 Be7 33.Ng3 Rc6+ {#R} 0-1

[Event "Zonal 2.5 2017"]
[Site "Villa Martelli ARG"]
[Date "2017.05.06"]
[Round "7.18"]
[White "Cimer,Emanuel"]
[Black "Sica,Mauro"]
[Result "0-1"]
[WhiteElo "2258"]
[BlackElo "2142"]

1.e4 c5 2.Nf3 Nc6 3.Bb5 g6 4.Bxc6 bxc6 5.O-O Bg7 6.Re1 Nf6 7.e5 Nd5 8.c4 Nc7
9.b3 O-O 10.Bb2 Ne6 11.d4 d5 12.cxd5 cxd5 13.dxc5 Nxc5 14.Nd4 Ba6 15.Nc6 Qd7
16.Nb4 Bb7 17.Nd3 Ne6 18.Nd2 Rac8 19.a4 d4 20.b4 Qd5 21.f3 Bh6 22.Ne4 Rc4
23.a5 a6 24.Ba3 Qb5 25.Nec5 Be3+ 26.Kh1 Ba8 27.Ra2 h5 28.Nxe6 fxe6 29.Nc5 Bd5
30.Rc2 Rxc2 31.Qxc2 Kg7 32.Qe2 Qxe2 33.Rxe2 g5 34.Nd7 Rxf3 35.Re1 Rf2 {#R} 0-1

[Event "Zonal 2.5 2017"]
[Site "Villa Martelli ARG"]
[Date "2017.05.06"]
[Round "7.19"]
[White "Aguero Arce,Matias"]
[Black "Arias,Juan Cruz"]
[Result "1-0"]
[WhiteElo "2124"]
[BlackElo "2254"]

1.d4 e6 2.Nf3 f5 3.c4 Nf6 4.g3 d5 5.Bg2 c6 6.O-O Bd6 7.b3 Qe7 8.Bb2 O-O 9.Qc1
b5 10.Nbd2 a5 11.Ne5 Bb7 12.Ndf3 Nbd7 13.Nd3 bxc4 14.bxc4 Ba6 15.Nfe5 Rfc8
16.Re1 Bb8 17.Ba3 Qe8 18.Nxd7 Nxd7 19.cxd5 cxd5 20.Qe3 Nb6 21.Nc5 Kf7 22.Qf3
Nc4 23.e4 Nxa3 24.exd5 Nc2 25.dxe6+ Kg8 26.Qxa8 Bc4 27.e7 Nxa1 28.Bd5+ Kh8
29.Bc6 Bd5 30.Bxe8 {#r} 1-0

[Event "Zonal 2.5 2017"]
[Site "Villa Martelli ARG"]
[Date "2017.05.06"]
[Round "7.20"]
[White "Perez Pietronave,C"]
[Black "Vergara Rozas,J"]
[Result "0-1"]
[WhiteElo "2214"]
[BlackElo "2117"]

1.e4 c5 2.Nf3 d6 3.d4 cxd4 4.Nxd4 Nf6 5.Nc3 g6 6.Be2 Bg7 7.O-O O-O 8.Be3 Nc6
9.Nb3 Be6 10.f4 Qd7 11.Qe1 Rfc8 12.Rd1 a5 13.Nc5 Qc7 14.Nxe6 fxe6 15.Nb5 Qb8
16.f5 exf5 17.exf5 Ne5 18.fxg6 hxg6 19.c3 Neg4 20.Qg3 Nxe3 21.Qxe3 Kf7 22.g4
Rc5 23.g5 Re5 24.Qd2 Qh8 25.gxf6 Bxf6 26.Kh1 Qh4 27.Nd4 Rh8 28.Bf3 Kg7 29.Qf2
Qh6 30.Rg1 Bg5 31.Rg2 Be3 32.Qc2 Rf8 33.Bg4 Qf4 34.Ne2 Qg5 35.Nd4 Bxd4 36.cxd4
Re3 37.h3 Qh4 {#R} 0-1

[Event "Zonal 2.5 2017"]
[Site "Villa Martelli ARG"]
[Date "2017.05.06"]
[Round "7.22"]
[White "Molina,PaS"]
[Black "Falcon,Benjamin"]
[Result "0-1"]
[WhiteElo "2239"]
[BlackElo "2075"]

1.d4 Nf6 2.e3 g6 3.Bd3 Bg7 4.c4 c5 5.a3 cxd4 6.exd4 d5 7.Ne2 O-O 8.Nbc3 Nbd7
9.cxd5 Nb6 10.d6 Qxd6 11.Bf4 Qd8 12.O-O Bf5 13.Bxf5 gxf5 14.Qd3 e6 15.Be5 Nbd5
16.Qg3 Kh8 17.Nxd5 Qxd5 18.Nf4 Qd7 19.d5 Rg8 20.Rad1 Ne4 21.Qxg7+ Rxg7 22.dxe6
Qe8 23.f3 Ng5 24.Nh5 f6 25.Nxf6 Qxe6 26.Bc3 Nh3+ 27.Kh1 Qe2 28.Ng4 fxg4
29.Rde1 gxf3 30.Rxe2 fxe2 31.Re1 Rf8 {#R} 0-1

[Event "Zonal 2.5 2017"]
[Site "Villa Martelli ARG"]
[Date "2017.05.06"]
[Round "7.26"]
[White "Heinechen,Jo"]
[Black "Anelli,A"]
[Result "1-0"]
[WhiteElo "1932"]
[BlackElo "2101"]

1.e4 c5 2.Nf3 e6 3.d4 cxd4 4.Nxd4 Nc6 5.Nc3 Qc7 6.Nb3 a6 7.Bd3 b5 8.a3 Nf6
9.O-O Bb7 10.f4 d6 11.Qf3 Be7 12.Bd2 b4 13.axb4 Nxb4 14.Na5 O-O 15.Nxb7 Qxb7
16.f5 e5 17.g4 Rfc8 18.g5 Nd7 19.f6 gxf6 20.Nd5 Nxd5 21.exd5 Qb6+ 22.Be3 Qd8
23.Ra4 e4 24.Rxe4 Kh8 25.Rh4 Qg8 26.Rxh7+ Qxh7 27.Bxh7 {#r} 1-0

[Event "Zonal 2.5 2017"]
[Site "Villa Martelli ARG"]
[Date "2017.05.06"]
[Round "7.30"]
[White "Montero Martinez,C"]
[Black "Koch,Ju"]
[Result "0-1"]
[WhiteElo "2050"]
[BlackElo "2025"]

1.d4 Nf6 2.Nf3 g6 3.c4 c5 4.d5 d6 5.Nc3 Bg7 6.Bg5 h6 7.Bf4 Bf5 8.Qa4+ Nbd7
9.Nd2 g5 10.Bg3 O-O 11.e4 Bg6 12.Be2 a6 13.h4 b5 14.Qc2 Nb6 15.hxg5 hxg5
16.Bd3 bxc4 17.Nxc4 Nxc4 18.Bxc4 Qa5 19.O-O Rfb8 20.Rac1 Nh5 21.Bh2 Bd4
22.Rfe1 g4 23.Kf1 g3 24.Bxg3 Nxg3+ 25.fxg3 Kg7 26.g4 Rh8 27.Ke2 Rh2 28.Kd3
Rah8 29.Qe2 f6 30.Kc2 Rb8 31.Kd3 Rbh8 32.Kc2 Rb8 33.Kd3 Qb4 34.b3 a5 35.a4 Qb7
36.Nb5 Be5 37.Rh1 Rbh8 38.Rxh2 Rxh2 39.Qd2 Rh4 40.Qxa5 Qc8 41.Qc7 Bxe4+
42.Kxe4 Qxg4+ 43.Ke3 Qg3+ 44.Kd2 Qxg2+ 45.Be2 Qxd5+ {#R} 0-1

[Event "Zonal 2.5 2017"]
[Site "Villa Martelli ARG"]
[Date "2017.05.06"]
[Round "7.31"]
[White "Bulgarini Torre,M"]
[Black "Bulcourf,C"]
[Result "0-1"]
[WhiteElo "1890"]
[BlackElo "2053"]

1.g3 c5 2.Bg2 d5 3.c4 Nf6 4.cxd5 Nxd5 5.Nc3 e6 6.Nf3 Nc6 7.O-O Be7 8.d4 O-O
9.e4 Nxc3 10.bxc3 Na5 11.Qe2 Bd7 12.Be3 Rc8 13.d5 exd5 14.exd5 Bf6 15.Rac1 b5
16.Nd2 Re8 17.Ne4 Nc4 18.a4 a6 19.Qf3 Be7 20.axb5 axb5 21.Rcd1 f5 22.Nd2 Nxe3
23.fxe3 Bg5 24.Rfe1 Qe7 25.e4 Bxd2 26.Rxd2 Qg5 27.Rf2 Qf6 28.Bh3 Re5 29.Rfe2
b4 30.c4 Rf8 31.Qf2 Qh6 32.Qg2 Bc8 33.Rf1 b3 34.Kh1 Rfe8 35.Bxf5 Bxf5 36.Rxf5
Rxf5 37.h4 Rfe5 {#R} 0-1

[Event "Zonal 2.5 2017"]
[Site "Villa Martelli ARG"]
[Date "2017.05.06"]
[Round "7.33"]
[White "Opychaneyj,G"]
[Black "Miserendino,A"]
[Result "0-1"]
[WhiteElo "1818"]
[BlackElo "2081"]

1.d4 d5 2.Nf3 c5 3.e3 Nc6 4.b3 Nf6 5.Bd3 Bg4 6.Bb2 cxd4 7.exd4 e6 8.O-O Be7
9.Nbd2 O-O 10.a3 Rc8 11.Qe1 Qc7 12.Ne5 Bh5 13.Rc1 Rfd8 14.f4 Bg6 15.f5 exf5
16.Nxc6 bxc6 17.Bxf5 Bxf5 18.Rxf5 Ng4 19.Rh5 Bg5 20.Qe2 Be3+ 21.Kh1 Nf2+
22.Kg1 Nh3+ 23.Kh1 Nf4 24.Qxe3 Nxh5 25.Qg5 Qf4 26.Qxh5 Qxd2 27.Rf1 f6 28.Qg4
Re8 29.Qd7 Rcd8 30.Qc7 Qf2 31.Rg1 h6 32.Bc3 Qxc2 33.Bb4 Qxb3 34.Be7 Rc8 35.Qd7
Qe3 36.Bc5 a5 37.h3 Qe6 38.Qb7 Qf5 39.Qa6 Re3 40.Kh2 Rb8 41.Rf1 Qe4 42.Qxc6
Re2 43.Rg1 Kh7 44.Qc7 Rbb2 45.Qg3 g5 46.Kh1 Kg6 47.Bf8 Re3 48.Qh2 Rbb3 {#R}
0-1

[Event "Asian Juniors 2017"]
[Site "Shiraz IRI"]
[Date "2017.05.06"]
[Round "5.4"]
[White "Suleymenov,Alisher"]
[Black "Khodashenas,M"]
[Result "0-1"]
[WhiteElo "2338"]
[BlackElo "2410"]

1.Nf3 Nf6 2.c4 e6 3.g3 d5 4.Bg2 d4 5.O-O c5 6.b4 cxb4 7.a3 Nc6 8.e3 dxe3
9.fxe3 Qd3 10.axb4 Qxc4 11.Na3 Qxb4 12.Rb1 Qa5 13.Nc4 Qa2 14.Rb3 Qa6 15.Nfe5
Nxe5 16.Nxe5 Be7 17.Rxf6 gxf6 18.Bf1 Qa1 19.Nxf7 O-O 20.Qg4+ Kxf7 21.Bb2 Qb1
22.e4 Bc5+ 23.Kg2 Qc2 24.Qh5+ Kg8 25.Qg4+ Kh8 26.Qf3 Qxd2+ 27.Kh1 Qf2 28.Qxf2
Bxf2 29.Rf3 Bc5 30.Bxf6+ Kg8 31.e5 b6 {#R} 0-1

[Event "Asian Juniors 2017"]
[Site "Shiraz IRI"]
[Date "2017.05.06"]
[Round "5.5"]
[White "Moradi,Sajad"]
[Black "Tran,Minh Thang"]
[Result "0-1"]
[WhiteElo "2021"]
[BlackElo "2409"]

1.d4 Nf6 2.c4 g6 3.g3 Bg7 4.Bg2 d5 5.cxd5 Nxd5 6.e4 Nb6 7.Ne2 c5 8.d5 O-O
9.O-O e6 10.Nec3 Na6 11.a4 exd5 12.exd5 Nc4 13.Na3 Ne5 14.h3 Nb4 15.Be3 b6
16.Qb3 Bf5 17.Ne4 Re8 18.Rad1 Nf3+ 19.Bxf3 Bxe4 20.Bxe4 Rxe4 21.Nb5 a5 22.Rd2
Qd7 23.Kh2 Rae8 24.Bf4 c4 25.Qd1 Nd3 26.Rxd3 cxd3 27.Nd6 Rxf4 28.Nxe8 Rd4
29.Nxg7 Kxg7 30.b3 Qxd5 31.f4 Re4 32.Rf2 Qd4 33.Qd2 f5 34.Kg2 Qd5 35.Qc3+ Kh6
36.Kh2 Re2 37.Rxe2 dxe2 38.Kg1 Qc5+ {#R} 0-1

[Event "Asian Juniors 2017"]
[Site "Shiraz IRI"]
[Date "2017.05.06"]
[Round "5.7"]
[White "Poormosavi,Seyed Kian"]
[Black "Mousavi,Se"]
[Result "0-1"]
[WhiteElo "2114"]
[BlackElo "2435"]

1.e4 c5 2.Nf3 e6 3.c4 Nc6 4.Nc3 Nf6 5.Be2 d5 6.exd5 exd5 7.d4 Be6 8.Bg5 cxd4
9.Nxd4 Nxd4 10.Qxd4 dxc4 11.Qh4 Qc7 12.O-O O-O-O 13.Rac1 Qc6 14.Nd1 b5 15.a4
a6 16.axb5 axb5 17.b3 h6 18.Bxf6 gxf6 19.bxc4 Ba3 20.Rc3 b4 21.Rb3 Rd2 22.Re3
f5 23.Qf6 Rg8 24.Bf3 Qxc4 25.Rfe1 Rgd8 26.g3 Bc1 27.Kg2 R2d6 28.Qa1 Ra6 29.Qb1
Bxe3 30.Nxe3 Qb3 31.Qc1+ Qc3 32.Qb1 Kb8 33.Rc1 Qb3 34.Qxb3 Bxb3 35.Rb1 Rd3
36.Be2 Rxe3 37.Bxa6 Rc3 38.Kf1 Ka7 39.Be2 Kb6 40.Ke1 Kc5 41.Bd1 Bxd1 42.Kxd1
b3 43.Ra1 Kb4 44.Ra7 b2 45.Rb7+ Ka3 46.Ra7+ Kb3 47.Rb7+ Ka2 {#R} 0-1

[Event "Asian Juniors Girls 2017"]
[Site "Shiraz IRI"]
[Date "2017.05.06"]
[Round "5.1"]
[White "Ivana Maria,F"]
[Black "Mahdian,Anousha"]
[Result "1-0"]
[WhiteElo "2132"]
[BlackElo "1871"]

1.c4 c6 2.Nf3 d5 3.e3 Nf6 4.b3 Bg4 5.Bb2 Nbd7 6.h3 Bxf3 7.Qxf3 dxc4 8.Bxc4 e5
9.Nc3 Be7 10.Rd1 O-O 11.O-O Qc7 12.g4 Ne8 13.Ne4 Nd6 14.Ng3 Nxc4 15.bxc4 g6
16.d4 exd4 17.exd4 Rae8 18.Kh1 Bd6 19.Rg1 Bxg3 20.Rxg3 f6 21.d5 cxd5 22.cxd5
Qc2 23.Ba3 Rf7 24.Kg2 Qxa2 25.d6 b5 26.Qc3 Re2 27.Rf3 Rc2 28.Qe3 Re2 29.Qc3
Qe6 30.Qc8+ Rf8 31.Qb7 Rb8 32.Qxa7 b4 33.Rb1 Ra2 34.Qc7 b3 35.Bb2 Raa8 36.Rc1
Rd8 37.Qc4 Qxc4 38.Rxc4 Rab8 39.Rcc3 Ne5 40.Rxf6 Rb6 41.Rc7 Nd7 42.Re6 Ra6
43.Re7 Rxd6 44.Rg7+ Kf8 45.Rxh7 Rd2 46.Rh8+ Ke7 47.Ba3+ {#r} 1-0

[Event "Asian Juniors Girls 2017"]
[Site "Shiraz IRI"]
[Date "2017.05.06"]
[Round "5.2"]
[White "Bidhar,Rutumbara"]
[Black "Meghna,C"]
[Result "1-0"]
[WhiteElo "1964"]
[BlackElo "1915"]

1.d4 e6 2.c4 d5 3.Nc3 Nf6 4.e3 Be7 5.b3 O-O 6.Bd3 Nbd7 7.Nge2 b6 8.O-O Bb7
9.Bb2 c5 10.Rc1 Rc8 11.Ng3 Re8 12.f4 cxd4 13.exd4 Bd6 14.Nb5 Bb8 15.Ba3 dxc4
16.bxc4 Nf8 17.c5 Qd5 18.Qe2 Red8 19.Bc4 Qd7 20.Nd6 Bxd6 21.cxd6 Ne8 22.Bb5
Bc6 23.Rxc6 Rxc6 24.d5 exd5 25.Qe7 Rdc8 26.Qxd7 Nxd7 27.Nf5 Nxd6 28.Bxd6 Rxd6
29.Ne7+ {#r} 1-0

[Event "ch-CAT 2017"]
[Site "Vilanova i la Geltru ESP"]
[Date "2017.05.06"]
[Round "4.3"]
[White "Asis Gargatagli,H"]
[Black "Narciso Dublan,M"]
[Result "1-0"]
[WhiteElo "2505"]
[BlackElo "2508"]
[EventType "k.o."]

1.e4 d6 2.d4 Nf6 3.Nc3 g6 4.Be3 c6 5.h3 e5 6.dxe5 dxe5 7.Qxd8+ Kxd8 8.O-O-O+
Ke8 9.Nf3 Nbd7 10.Bc4 b5 11.Bb3 h6 12.Rhe1 Be7 13.a4 a6 14.g4 b4 15.Nb1 Nxe4
16.Nbd2 Nef6 17.Nc4 e4 18.Nfe5 Nxe5 19.Nxe5 Be6 20.Bxe6 fxe6 21.Nxg6 Rh7
22.Nxe7 Rxe7 23.Bxh6 Kf7 24.Bd2 c5 25.g5 Nd5 26.Rxe4 Rc8 27.b3 Rec7 28.Rc4 Nb6
29.Rf4+ Kg8 30.a5 Nd7 31.Re4 c4 32.Bxb4 cxb3 33.c3 Nc5 34.Rc4 Nd3+ 35.Rxd3
Rxc4 36.Kb2 R8c6 37.Kxb3 Rf4 38.Rd7 Rxf2 39.Be7 Rf5 40.Bf6 Rc8 41.h4 Rxa5
42.h5 Rd5 43.Rg7+ Kf8 44.h6 Rb5+ 45.Kc2 Rcb8 46.h7 Rb2+ 47.Kd3 {#r} 1-0

[Event "ch-CAT 2017"]
[Site "Vilanova i la Geltru ESP"]
[Date "2017.05.06"]
[Round "4.4"]
[White "Narciso Dublan,M"]
[Black "Asis Gargatagli,H"]
[Result "1-0"]
[WhiteElo "2508"]
[BlackElo "2505"]
[EventType "k.o."]

1.d4 Nf6 2.c4 e6 3.Nc3 c5 4.d5 exd5 5.cxd5 d6 6.e4 g6 7.Nge2 a6 8.a4 h5 9.Bg5
Nbd7 10.Qd2 Be7 11.f3 h4 12.Nc1 Nh5 13.Bxe7 Qxe7 14.Be2 g5 15.Nd3 Ne5 16.Nxe5
Qxe5 17.a5 Nf4 18.Bd1 Bd7 19.Ba4 O-O-O 20.Bxd7+ Rxd7 21.Na4 Kb8 22.Nb6 Re7
23.O-O-O h3 24.g3 Ng2 25.Nc4 Qf6 26.Rhf1 Rhe8 27.Rf2 Qg6 28.e5 dxe5 29.d6 Rd7
30.Qd5 Qe6 31.Re2 f6 32.Nb6 Rdd8 33.d7 Re7 34.Qxc5 Qc6 35.Rc2 {#r} 1-0

[Event "ch-CAT 2017"]
[Site "Vilanova i la Geltru ESP"]
[Date "2017.05.06"]
[Round "4.5"]
[White "Asis Gargatagli,H"]
[Black "Narciso Dublan,M"]
[Result "1-0"]
[WhiteElo "2505"]
[BlackElo "2508"]
[EventType "k.o."]

1.e4 e6 2.d4 d5 3.Nd2 c5 4.Ngf3 Nf6 5.e5 Ne4 6.Bd3 Nxd2 7.Qxd2 Nc6 8.dxc5 Bxc5
9.O-O f6 10.exf6 Qxf6 11.c4 dxc4 12.Bxc4 O-O 13.Qe2 Kh8 14.Bd3 Nd4 15.Nxd4
Bxd4 16.Qe4 g6 17.Bh6 Rd8 18.h4 Qe5 19.Qf3 Bd7 20.Rae1 Qf6 21.Qg3 Qf7 22.Re4
e5 23.Rxd4 exd4 24.Qe5+ {#r} 1-0

[Event "ch-CAT 2017"]
[Site "Vilanova i la Geltru ESP"]
[Date "2017.05.06"]
[Round "4.6"]
[White "Narciso Dublan,M"]
[Black "Asis Gargatagli,H"]
[Result "1-0"]
[WhiteElo "2508"]
[BlackElo "2505"]
[EventType "k.o."]

1.d4 Nf6 2.c4 c5 3.d5 e6 4.Nc3 exd5 5.cxd5 d6 6.e4 g6 7.f3 Bg7 8.Bg5 h6 9.Be3
O-O 10.Qd2 h5 11.Bh6 Re8 12.Bxg7 Kxg7 13.Nge2 Na6 14.Nc1 Nc7 15.Be2 Rb8 16.a4
a6 17.O-O b5 18.axb5 axb5 19.b4 cxb4 20.N3a2 Ra8 21.Nb3 Ra3 22.Qxb4 Ra4 23.Qd2
Qe7 24.Nb4 Bd7 25.Rac1 Na6 26.Nc6 Bxc6 27.Rxc6 Nb4 28.Rcc1 Nbxd5 29.Bxb5 Qa7+
30.Qf2 Rb8 31.Bxa4 Qxa4 32.Nd4 Nf4 33.Rfd1 Qa3 34.Qd2 g5 35.Rc3 Qa7 36.Kh1 Ra8
37.Nf5+ Kg6 38.h4 Ne6 39.hxg5 Nxg5 40.Nh4+ Kh6 41.Qxd6 Qa6 42.Rc6 {#r} 1-0

[Event "ch-CAT 2017"]
[Site "Vilanova i la Geltru ESP"]
[Date "2017.05.06"]
[Round "4.7"]
[White "Asis Gargatagli,H"]
[Black "Narciso Dublan,M"]
[Result "1-0"]
[WhiteElo "2505"]
[BlackElo "2508"]
[EventType "k.o."]

1.e4 c6 2.d4 d5 3.e5 Bf5 4.Nf3 e6 5.Be2 Ne7 6.O-O Nc8 7.a4 Be7 8.c3 O-O 9.Na3
Nd7 10.Nc2 f6 11.Ne3 Be4 12.Nd2 Bg6 13.f4 fxe5 14.dxe5 Bc5 15.Nb3 Bxe3+
16.Bxe3 Ne7 17.Nd4 Bf7 18.Bg4 Nc5 19.b4 Ne4 20.Nxe6 Bxe6 21.Bxe6+ Kh8 22.Qh5
g6 23.Qh3 Nf5 24.Bxf5 Rxf5 25.Bd4 Qf8 26.Qe3 h5 27.a5 a6 28.g3 Qh6 29.Rf3 Raf8
30.Raf1 Kg8 31.c4 Qh7 32.cxd5 cxd5 33.Rc1 Qd7 34.Ba1 Ng5 35.Rff1 Ne6 36.h4 Qb5
37.Qd2 d4 38.Rf3 Qd5 39.Rf2 g5 40.hxg5 Nxg5 41.Qa2 Nf3+ 42.Kh1 Qxa2 43.Rxa2 d3
44.Rd1 d2 45.Kg2 Ne1+ 46.Kh3 h4 47.Raxd2 Nf3 48.Rf2 Ng5+ 49.Kxh4 Ne4 50.Rf3
{#r} 1-0

[Event "TOP 12 Feminin GpA 2017"]
[Site "Mulhouse FRA"]
[Date "2017.05.06"]
[Round "2.2"]
[White "Maisuradze,N"]
[Black "Daulyte,D"]
[Result "0-1"]
[WhiteElo "2260"]
[BlackElo "2416"]

1.Nf3 Nf6 2.d4 e6 3.Bf4 c5 4.e3 Nc6 5.c3 d5 6.Nbd2 cxd4 7.exd4 Nh5 8.Bg5 f6
9.Be3 Bd6 10.Ne5 g6 11.Nd3 Qc7 12.Be2 Ng7 13.Nf1 e5 14.dxe5 fxe5 15.Bc5 Be6
16.Bxd6 Qxd6 17.Qd2 O-O 18.Ng3 Rf7 19.O-O Raf8 20.b4 b6 21.Nb2 Qc7 22.c4 Nd4
23.Rac1 Qd6 24.c5 bxc5 25.bxc5 Qc7 26.Nd3 a5 27.c6 Nxe2+ 28.Nxe2 Nf5 29.a4 Nd6
30.Nc5 Qc8 31.Nxe6 Qxe6 32.Qxa5 Nc4 33.Qb4 Qxc6 34.Nc3 Rb7 35.Nb5 Qb6 36.Qc3
Rbf7 37.Qc2 Ne3 38.Qe2 Nxf1 39.Rxf1 e4 40.g3 Rf3 41.Kg2 Qf6 42.Qa2 Kh8 43.Nc7
e3 44.Nxd5 Rxf2+ 45.Rxf2 Qxf2+ 46.Qxf2 Rxf2+ 47.Kg1 Rxh2 48.Nxe3 Ra2 49.g4 Kg7
50.a5 Re2 {#R} 0-1

[Event "TOP 12 Feminin GpA 2017"]
[Site "Mulhouse FRA"]
[Date "2017.05.06"]
[Round "2.2"]
[White "Guerin,Juliette"]
[Black "Lomandong,Noela-Joyce"]
[Result "0-1"]
[WhiteElo "1875"]
[BlackElo "1966"]

1.e4 g6 2.d4 Bg7 3.Nc3 c6 4.f4 d5 5.e5 h5 6.Be3 Nh6 7.Qd2 Bg4 8.h3 Bd7 9.g3
Qa5 10.Nf3 Na6 11.Ng5 Bf5 12.Bd3 Bxd3 13.Qxd3 Nf5 14.Bf2 e6 15.Qe2 Nc7 16.Qd2
Bf8 17.O-O-O Bb4 18.g4 Nb5 19.Qd3 Nxc3 20.bxc3 Bxc3 21.Rdg1 Ne7 22.Rg3 Qa3+
23.Kd1 Qxa2 24.Qxc3 Qb1+ 25.Ke2 Qxh1 26.Rg1 Qh2 27.Qf3 hxg4 28.Qxg4 Rh5 29.Rg2
Qh1 30.Rg1 Rxg5 31.Qxg5 Qe4+ 32.Kd2 Nf5 33.c3 Qf3 34.Rg2 Kd7 35.h4 Rh8 36.Rh2
Rh5 37.Qg1 Qxf4+ 38.Kc2 Nxh4 39.Bxh4 Rxh4 40.Rf2 Qe4+ 41.Kb2 Rf4 42.Rc2 Qd3
43.Rc1 Qe2+ 44.Rc2 Qb5+ 45.Ka2 Rf1 46.Qg2 Qa4+ 47.Kb2 Qa1+ 48.Kb3 Rb1+ {#R}
0-1

[Event "TOP 12 Feminin GpB 2017"]
[Site "Mulhouse FRA"]
[Date "2017.05.06"]
[Round "2.1"]
[White "Neuhauser,S"]
[Black "Retailleau,Elise"]
[Result "1-0"]
[WhiteElo "2094"]
[BlackElo "2050"]

1.e4 c5 2.Nf3 Nc6 3.Bb5 d6 4.O-O Bd7 5.Re1 Nf6 6.c3 a6 7.Bf1 Bg4 8.h3 Bxf3
9.Qxf3 e6 10.Qg3 Nh5 11.Qe3 Be7 12.Na3 Nf6 13.d4 cxd4 14.cxd4 O-O 15.Bd2 Qb6
16.Bc3 d5 17.e5 Ne4 18.Nc4 Qa7 19.Na5 Nxe5 20.dxe5 Bc5 21.Qf3 Bxf2+ 22.Kh1
Nxc3 23.Qxc3 Rfc8 24.Qd2 Bxe1 25.Rxe1 Qc5 26.Bd3 Qe7 27.Qf4 Rf8 28.Nb3 Rae8
29.Nd4 Qb4 30.Qh4 h6 31.Rf1 Qxb2 32.Rf3 Qc1+ 33.Kh2 Qg5 34.Qe1 f6 35.Kh1 Qxe5
36.Qb4 Qc7 37.Bg6 Re7 38.Rc3 Qd8 39.Qc5 e5 40.Nf5 Rd7 41.Rc1 d4 42.Qc4+ Kh8
43.Nh4 d3 44.Bf5 g5 {#r} 1-0

[Event "TOP 12 Feminin GpB 2017"]
[Site "Mulhouse FRA"]
[Date "2017.05.06"]
[Round "2.2"]
[White "Brunello,M"]
[Black "Haast,A"]
[Result "1-0"]
[WhiteElo "2358"]
[BlackElo "2305"]

1.e4 c5 2.Nf3 e6 3.d4 cxd4 4.Nxd4 a6 5.Nc3 b5 6.Bd3 Qb6 7.Nb3 Qc7 8.Qf3 Bb7
9.Bf4 d6 10.Qe2 Nc6 11.O-O Nf6 12.Rfd1 b4 13.Nb1 Be7 14.c3 O-O 15.Rc1 Qd7
16.N1d2 e5 17.Be3 Ng4 18.Bb6 Nh6 19.cxb4 f5 20.b5 axb5 21.Bxb5 Rfc8 22.a4 fxe4
23.a5 Rab8 24.Ba7 Ra8 25.Be3 Rab8 26.a6 Ba8 27.a7 Rxb5 28.Qxb5 Ng4 29.Nc4 Nxe3
30.Nb6 Qg4 31.fxe3 Rf8 32.Nxa8 Nxa7 33.Rxa7 Bg5 34.Qd5+ Kh8 35.Qd2 Rf3 36.Re1
h5 37.Kh1 Rf8 38.Nc7 Bh4 39.Ra8 Rxa8 40.Nxa8 Bxe1 41.Qxe1 Qc8 42.Nb6 Qc2
43.Na5 Qxb2 44.Nbc4 {#r} 1-0

[Event "TOP 12 Feminin GpB 2017"]
[Site "Mulhouse FRA"]
[Date "2017.05.06"]
[Round "2.2"]
[White "Gras,D"]
[Black "Aubert,Estee"]
[Result "1-0"]
[WhiteElo "1846"]
[BlackElo "1829"]

1.e4 c5 2.Nf3 e6 3.d4 cxd4 4.Nxd4 Nf6 5.Nc3 Nc6 6.a3 a6 7.Nxc6 bxc6 8.e5 Nd5
9.Ne4 Qc7 10.f4 Qb6 11.Qd3 f5 12.exf6 Nxf6 13.Be3 Qa5+ 14.Bd2 Qf5 15.Nxf6+
Qxf6 16.Be2 Bc5 17.Bh5+ Ke7 18.g3 Bd4 19.c3 Bb6 20.O-O-O a5 21.Rhe1 Ba6 22.c4
Bd4 23.Bc3 Bxc3 24.Qd6+ {#r} 1-0